Statistiques concernant Assemblée nationale

Cliquez ici pour prendre le quiz!

Statistiques générales

  • Ce quiz a été pris 227 fois
  • Le résultat moyen est 12 sur 15

Statistiques - réponses

HintRéponse% Correct
Ils sont élus ausuffrage {universel} direct
98%
Nom de ces membresDéputés
97%
Son rôle consiste à proposer, débattre et voter leslois
97%
Lieu où elle est implantéePalais {Bourbon}
94%
Action que peut faire le Président de la République (cf. Chirac en 1997)Dissolution
93%
Avec le Sénat, l'Assemblée nationale forme le{parlement} français
91%
Elle a aussi un rôle de contrôle de l'action dugouvernement
89%
Rang du président de l'Assemblée nationale dans l'ordre protocolaire de l'Etat4ème
84%
Chaîne de télévision qui retransmet les débats de l'AssembléeLa Chaîne Parlementaire
80%
Proportion de femmes dans cette assemblée en 2017 (à 2% près)38,65 %
78%
Nombre de membres577
73%
1986 est la seule année où les membres de l'Assemblée nationale ont été élus auscrutin {proportionnel}
63%
Surnom du siège du président de l'Assemblée NationalePerchoir
59%
par unscrutin {uninominal} à deux tours
54%
Sous la troisième république, on ne parlait pas d'Assemblée nationale mais deChambre des députés
51%

Distribution des résultats

Percentile par nombre de réponses

% des personnes avec chaque résultat

Votre développement - résultats

Vous n’avez pas pris ce quiz